000 02206nam2a2200289 4500
001 RU\NLR\BIBL_A\012325545
005 20211221162819.0
010 _a978-5-91327-599-8
_9500
021 _aRU
_bКН-П-20-023562
_9КН-П-20-1842
035 _a(NLR Aleph) 012325545
035 _a(RuMoRGB)010329500
090 _a11444010
_c11444010
100 _a20200902d2020 k y0rusy50 ca
101 0 _arus
102 _aRU
105 _a |||z|||100zy
200 0 _aТ. 18
_e[материалы Международного студенческого научного форума]
_fИздательский дом "Академия естествознания"
210 _d2020
215 _a82, [1] с.
_cил., табл.
320 _aБиблиогр. в конце ст.
461 0 _1001RU\NLR\BIBL_A\011781548
_12001#$aСовременные проблемы науки и образования$e(продолжающееся издание)$e[материалы научных конференций]$fИздательский дом "Академия естествознания", [Российская академия естествознания$gредакционная коллегия: доктор медицинских наук, профессор, академик, главный редактор Ледванов Михаил Юрьевич и другие]$vТ. 18
_911779315
_cМосква
_d2018
_fИздательский дом "Академия естествознания", [Российская академия естествознания
_nАкадемия Естествознания
_o(продолжающееся издание) : [материалы научных конференций]
_tСовременные проблемы науки и образования
_vТ. 18
711 1 2 _a"Студенческий научный форум 2019", международная студенческая научная конференция
_d11
_eМосква
_f2019-2020
_9712068
_3RU\NLR\AUTH\880525275
942 _cBOOK
980 _aNB